LEADER 01260nam a2200193 i 4500 001 000000241325 003 CaOOAMICUS 005 20150428000000.0 008 150428s1662 it u000 u lat u 013 $a220230 026 $a6.re a-us bire ctri (3) 1662 (R) 040 $aSeMil$bita 245 10$aBibliotheca Patrum concionatoria, a dominica quarta Quadragesimae, ad vesperam sabbati sancti Dominicae scilicet Resurrectionis exordia. Opera et studio F. Francisci Combefis ... Tomus 3. 300 $a[8], 994 [i.e. 984] p. 500 $aSegn. : a4 A-4N6. - Omesse nella num. le p. 545-554. 773 0 $tBibliotheca Patrum concionatoria, hoc est anni totius Evangelia. Festa dominica; Sanctissimae Deiparae, illustriorumque sanctorum solennia ... Opera et studio F. Francisci Combefis ... Omnia octo voluminibus comprehensa.$dParisiis : Sumptibus Antonii Bertier, viâ Iacobaeâ, sub signo Fortunae, 1662.$g3$w()31810 850 $aSeMil 852 $aSeMil$W1$xVenegono$y1$m3D VI 82 FA$j191671$B191671$CSeMilBibl$Z2$F202472 $8I 996 $6245$aBibliotheca Patrum concionatoria, a dominica quarta Quadragesimae, ad vesperam sabbati sancti Dominicae scilicet Resurrectionis exordia. Opera et studio F. Francisci Combefis ... Tomus 3$9(OLS)http://semarc/title/343018 LEADER 01109nam a2200241 i 4500 001 000000150213 003 CaOOAMICUS 005 20250725094426.0 008 060511s1970 it u000 u eng u 040 $aSeMil$bita 100 1 $aStuhlmüller, Carroll.$0(OLS)http://semarc/name/55763 245 10$aCreative redemption in Deutero-Isaiah /$cCarroll Stuhlmueller. 260 $aRome :$bBiblical Institute Press,$c1970. 300 $aXII, 300 p. ;$c25 cm. 490 0 $aAnalecta Biblica : investigationes scientificae in res biblicas ;$v43 650 4$aRedenzione - Bibbia.$0(OLS)http://semarc/subject/8110 650 4$aBibbia. Antico Testamento. Isaia - Commentari, studi, critica, interpretazioni.$0(OLS)http://semarc/subject/111 830 0$aAnalecta biblica ;$v43.$0(OLS)http://semarc/title/6 850 $aSeMil 852 $aSeMil$W1$xVenegono$y1$m2HA G 43$j260252$B102375$CSeMilBibl$Z2$F111040 $81 996 $6245$aCreative redemption in Deutero-Isaiah$9(OLS)http://semarc/title/219656 996 $6260$aRome :$bBiblical Institute Press$9(OLS)http://semarc/publisher/34219